| 000 | 00601nam a2200181Ia 4500 | ||
|---|---|---|---|
| 008 | 140626s9999 xx 000 0 und d | ||
| 100 | _aAnwar. | ||
| 245 |
_aTeaching computer-based telecommunications technology concepts to electrical power systems engineering students / _cAnwar ... [et al.]. |
||
| 260 | _cc2011. | ||
| 300 | _a2 : 1, page 25 | ||
| 440 | _aComputers in Education Journal | ||
| 521 | _aIT | ||
| 650 | _aComputer-based telecommunications technology. | ||
| 650 | _aElectricalengineering. | ||
| 650 | _aPower systems. | ||
| 650 | _aTechnology-enabled education. | ||
| 942 | _cSE | ||
| 999 |
_c120896 _d120896 |
||